Do markets penalize agency conflicts between xontrolling and minority shareholders? evidence from Chile /
En este artículo se utilizó una muestra de chilenos con presencia en los conglomerados económicos que utilizan una estructura piramidal para controlar las compañías afiliadas. Se aborda el tema de si existe la posibilidad de que el mercado pueda penalizar los conflictos entre los líderes y los peque...
Salvato in:
| Autore principale: | |
|---|---|
| Altri autori: | |
| Natura: | testo |
| Soggetti: | |
| Tags: |
Aggiungi Tag
Nessun Tag, puoi essere il primo ad aggiungerne!!
|
MARC
| LEADER | 00000 a a2200000 04500 | ||
|---|---|---|---|
| 001 | 18614 | ||
| 003 | |||
| 040 | |||
| 100 | |a Lefort, Fernándo | ||
| 245 | |a Do markets penalize agency conflicts between xontrolling and minority shareholders? evidence from Chile / |c Fernándo Lefort ; Eduardo Walker | ||
| 520 | |a En este artículo se utilizó una muestra de chilenos con presencia en los conglomerados económicos que utilizan una estructura piramidal para controlar las compañías afiliadas. Se aborda el tema de si existe la posibilidad de que el mercado pueda penalizar los conflictos entre los líderes y los pequeños empresarios | ||
| 650 | |a ECONOMIA | ||
| 650 | |a MERCADO | ||
| 650 | |a CONFLICTOS | ||
| 650 | |a GRUPOS MINORITARIOS | ||
| 650 | |a CHILE | ||
| 650 | |a CONGLOMERADOS CHILENOS | ||
| 700 | |a Walker, Eduardo | ||
| 773 | |g volumen 45, número 3; páginas 283-314 | ||
| 999 | |c 32490 |d 32490 | ||
